000 00464 a2200169 4500
001 169304
020 _a978-85-377-0175-1
040 _cMagnum
100 _aBellezi, Clenir
240 1 0 _aLinguagens: língua, literatura e produção de texto
_lpor
245 1 0 _aLinguagens: língua, literatura e produção de texto
300 _a648
362 0 _a2007
440 1 _aEscala Educacional
697 _aLÍNGUA, TEORIA DA LITERATURA E GRAMÁTICA
942 _cBK
999 _c169304
_d169304